| 000 | 00421nam a2200169Ia 4500 | ||
|---|---|---|---|
| 008 | 230524s9999 xx 000 0 und d | ||
| 020 | _a9788120327498 | ||
| 082 |
_a621.3821 _bBOS |
||
| 100 | _aBimal K.Bose | ||
| 245 | 0 | _aModern Power Electronics and AC Drives | |
| 250 | _a1ST | ||
| 260 |
_aNEW DELHI _bPearson _c2005 |
||
| 300 | _aXVI;691 | ||
| 500 | _aQuantity Number: 11 | ||
| 650 | _aElectronics | ||
| 942 | _cBK | ||
| 999 |
_c17632 _d17632 |
||